00569 2200217 4500001002100000005001700021008004100038035002400079040001200103082000800115090001500123100001800138245005400156250001100210260002600221300002500247500003100272650002100303850001200324990001500336YOGYA-0209000000871920090227021133.0 ind  0010-020900000008719 aYOPDYOG a302 a302bWal P aWALGITO, Bimo aPsikologi sosialb(Suatu pengantar)cBimo Walgito aRevisi aYogyakatabAndic2002 a150 hlmbilusc21 cm aBibliografi : hlm. 147-150 aSosial psikologi aYOPDYOG aP000003442